| 000 | 00775nam a2200193 i 4500 | ||
|---|---|---|---|
| 001 | 186783 | ||
| 003 | ES-MaACL | ||
| 005 | 20251118153331.0 | ||
| 008 | 170215s1910 sp |||| | spa d | ||
| 100 | 1 |
_aGálvez, Pedro Luis de, _d1882-1940 _953712 |
|
| 245 | 1 | 4 |
_aLas hembras de las Vistillas / _cnovela de Pedro Luis Galvez ; ilustraciones de Méndez Bringa. |
| 260 |
_aMadrid : _bLos Contemporáneos, _c1910. |
||
| 300 |
_a[20] p. : _bil. ; _c27 cm. |
||
| 490 | 1 |
_aLos contemporáneos ; _v86 |
|
| 700 | 1 |
_aMéndez Bringa, Narciso, _d1868-1933 _9153339 |
|
| 830 | 0 |
_aLos contemporáneos ; _v86 _9185715 |
|
| 852 |
_aES-MaACL _jR-2599(8) _z.- Ejemplar deteriorado falta texto; cubierta intercalada en el nº 3 de los Contemporáneos |
||
| 999 |
_c186783 _d186783 |
||